Derecho sucesorio

Detalles Bibliográficos
Autor principal: Chv̀ez Chv̀ez, Eric Andrš
Otros Autores: Celis Rodrg̕uez, Rubň
Formato: eBook
Lenguaje:español
Publicado: Santiago de Chile: Editorial vLex, 2020
Materias:
Acceso en línea:Acceso restringido

MARC

LEADER 00000nam a22000007a 4500
005 2020020504454.0
007 cr|||| ||||
008 200205s2020 cl |||||s|||| 00||0 spa d
020 |a 978-956-8217-25-9 
035 |a 30979 
040 |a vLex 
090 |c 10118  |d 10118 
100 1 |a Chv̀ez Chv̀ez, Eric Andrš 
245 1 0 |a Derecho sucesorio  |h [Recurso electrn̤ico] /  |c Eric Andrš Chv̀ez Chv̀ez, Rubň Celis Rodrg̕uez 
256 |a Servicio en ln̕ea 
260 |a Santiago de Chile:  |b Editorial vLex,  |c 2020 
300 |a 1 recurso electrn̤ico 
506 1 |a Disponible solo en los productos indicados  |d vLex Global  |d vLex Global (Academic Edition, excluding Law Schools)  |d vLex Global (U.S. Academic Edition, Law Schools)  |d vLex Global (U.S. Academic Edition, excluding Law Schools)  |d vLex Global (Academic Edition, Law Schools) 
650 0 4 |a Derecho Civil  |z Chile 
700 1 |a Celis Rodrg̕uez, Rubň 
740 0 |a vLex Libros (Servicio en ln̕ea) 
856 4 0 |u http://vlex.com/source/derecho-sucesorio-30979  |z Acceso restringido 
942 |c BOOK 
999 0 |a Civil Law